00621nam a2200181Ia 4500003000900000008004100009040001600050080001600066100002800082245008800110260004200198300001000240650002000250650001900270942000700289999001300296952013000309IN-BaIIA211028s9999 xx 000 0 eng d cIIA Library a551.51bCHA aChalmers, J. Alan91875 0aAtmospheric electricitycJ. Alan Chalmers  aLondonbOxford University Pressc1949 a175p. aAtmosphere9458 aNASA Thesaurus cBK c877d877 00104070aBANbKODcGENd0000-00-00g10.50l0o551.51/ CHAp904r2021-11-05v10.50w0000-00-00yBKGRs. 10.50